LDR 01141naa#a2200193#i#450# 001 RU\\bibl\121260 005 20260502034403.6 011 ## _a1994-4683 100 ## _a20230803b2023####ek#y0rusy0150####ca 102 ## _aRU 200 1# _aОЦЕНКА УРОВНЯ ОБЩЕЙ ФИЗИЧЕСКОЙ ПОДГОТОВЛЕННОСТИ КУРСАНТОВ ВУЗА МИНИСТЕРСТВА ВНУТРЕННИХ ДЕЛ РОССИИ _eЖурнальная статья 210 1# _aМосква _cНациональный государственный Университет физической культуры, спорта и здоровья им. П.Ф. Лесгафта _d2023 215 ## _a3 с. 608 ## _aЖурнальная статья _2local 675 ## _aТехнические вопросы тренировочных сооружений, спортивных снарядов и снаряжения. Материалы. Защита от несчастных случаев и опасностей. 796.02 _z 700 #1 _aБоренов _gА Ю 700 #1 _aГросс _gИ Л 700 #1 _aАнцыперов _gВ В 856 4# _auchzapiski.lesgaft.spb.ru _u